000 00324nam a22001457a 4500
008 210608b ||||| |||| 00| 0 eng d
020 _a9781259847189
041 _aeng
080 _210th
_a33
082 _a33
100 _a58
101 _aBIZ
245 _aGlobal Business Today
_cCharles W. L. Hill
942 _2udc
_cBK
999 _c58057
_d58057